Prelude to programming : (Record no. 14207)

MARC details
000 -LEADER
fixed length control field 01090cam a22003014a 4500
001 - CONTROL NUMBER
control field 15433421
003 - CONTROL NUMBER IDENTIFIER
control field mut
005 - DATE AND TIME OF LATEST TRANSACTION
control field 20240606081308.0
008 - FIXED-LENGTH DATA ELEMENTS--GENERAL INFORMATION
fixed length control field 080829s2009 maua 001 0 eng
010 ## - LIBRARY OF CONGRESS CONTROL NUMBER
LC control number 2008038291
020 ## - INTERNATIONAL STANDARD BOOK NUMBER
International Standard Book Number 9780321521750 (pbk. : alk. paper)
020 ## - INTERNATIONAL STANDARD BOOK NUMBER
International Standard Book Number 0321521757 (pbk. : alk. paper)
040 ## - CATALOGING SOURCE
Original cataloging agency DLC
Transcribing agency mut
Modifying agency DLC
050 00 - LIBRARY OF CONGRESS CALL NUMBER
Classification number QA76.6
Item number .V46 2009
082 00 - DEWEY DECIMAL CLASSIFICATION NUMBER
Classification number 005.1
Edition information 22
100 1# - MAIN ENTRY--PERSONAL NAME
Personal name Venit, Stewart.
245 10 - TITLE STATEMENT
Title Prelude to programming :
Remainder of title concepts & design /
250 ## - EDITION STATEMENT
Edition statement 4th ed.
260 ## - PUBLICATION, DISTRIBUTION, ETC.
Place of publication, distribution, etc. Boston :
Name of publisher, distributor, etc. Pearson, Addison Wesley,
Date of publication, distribution, etc. c2009.
300 ## - PHYSICAL DESCRIPTION
Extent xxi, 525 p. :
Other physical details col. ill. ;
Dimensions 26 cm. +
Accompanying material 1 CD-ROM (4 3/4 in.)
500 ## - GENERAL NOTE
General note Includes index.
650 #0 - SUBJECT ADDED ENTRY--TOPICAL TERM
Topical term or geographic name entry element Computer programming.
700 1# - ADDED ENTRY--PERSONAL NAME
Personal name Drake, Elizabeth,
Dates associated with a name 1948-
856 41 - ELECTRONIC LOCATION AND ACCESS
Materials specified Table of contents only
Uniform Resource Identifier <a href="http://www.loc.gov/catdir/toc/ecip0827/2008038291.html">http://www.loc.gov/catdir/toc/ecip0827/2008038291.html</a>
906 ## - LOCAL DATA ELEMENT F, LDF (RLIN)
a 7
b cbc
c orignew
d 1
e ecip
f 20
g y-gencatlg
942 ## - ADDED ENTRY ELEMENTS (KOHA)
Source of classification or shelving scheme Library of Congress Classification
Koha item type Books
Holdings
Withdrawn status Lost status Source of classification or shelving scheme Damaged status Not for loan Home library Current library Shelving location Date acquired Source of acquisition Total checkouts Full call number Barcode Date last seen Date last checked out Price effective from Koha item type
    Library of Congress Classification     Murang'a University of Technology Library Murang'a University of Technology Library General stacks 08/11/2017 Donation-TFC 4 QA76.6 .V46 2009 016558 23/10/2024 09/10/2024 08/11/2017 Books